[Event "Northshorechess.com inv"]
[Site "Vancouver CAN"]
[Date "2002.10.25"]
[Round "1"]
[White "Steininger, Gavin"]
[Black "Sladek, Vaclav"]
[Result "1/2-1/2"]
[WhiteElo "1760"]
[BlackElo "2093"]
[PlyCount "49"]
[EventDate "2002.10.25"]
[EventType "tourn"]
[EventRounds "5"]
[EventCountry "CAN"]

1. e4 c5 2. Nf3 e6 3. d4 cxd4 4. Nxd4 a6 5. Bd3 Qc7 6. O-O b5 7. Kh1 Bb7 8. f4
h5 9. f5 e5 10. Nf3 Nf6 11. Qe2 Nc6 12. a4 Nb4 13. axb5 Nxd3 14. cxd3 axb5 15.
Rxa8+ Bxa8 16. Bg5 d6 17. Rc1 Qd7 18. Qc2 Be7 19. Qc8+ Qd8 20. Qa6 O-O 21. Qxb5
d5 22. Bxf6 Bxf6 23. Nbd2 Bg5 24. Rb1 Bf4 25. b4 1/2-1/2

[Event "Northshorechess.com inv"]
[Site "Vancouver CAN"]
[Date "2002.10.26"]
[Round "2"]
[White "Moura, Eduardo"]
[Black "Steininger, Gavin"]
[Result "1-0"]
[WhiteElo "1851"]
[BlackElo "1760"]
[PlyCount "55"]
[EventDate "2002.10.25"]
[EventType "tourn"]
[EventRounds "5"]
[EventCountry "CAN"]

1. e4 c5 2. Nf3 Nc6 3. Nc3 g6 4. d4 cxd4 5. Nxd4 Bg7 6. Be3 d6 7. Qd2 Nf6 8. f3
Bd7 9. O-O-O Rc8 10. Bh6 Bxh6 11. Qxh6 Nxd4 12. Rxd4 Rxc3 13. bxc3 Qa5 14. Kb2
b5 15. Be2 Be6 16. Ra1 Kd7 17. a4 Bc4 18. Bxc4 bxc4 19. Rxc4 Rb8+ 20. Ka3 d5
21. Qd2 Qa6 22. Rb4 Qd6 23. Kb3 Rc8 24. Rd1 e6 25. Qd4 Qc7 26. Qxf6 Ke8 27.
exd5 e5 28. c4 1-0

[Event "Northshorechess.com inv"]
[Site "Vancouver CAN"]
[Date "2002.10.26"]
[Round "2"]
[White "Sladek, Vaclav"]
[Black "Meng, Fanhao"]
[Result "0-1"]
[WhiteElo "2093"]
[BlackElo "2191"]
[PlyCount "112"]
[EventDate "2002.10.25"]
[EventType "tourn"]
[EventRounds "5"]
[EventCountry "CAN"]

1. d4 d5 2. Bg5 Bf5 3. e3 Nd7 4. Bd3 Bxd3 5. Qxd3 c6 6. Nf3 Ngf6 7. Nbd2 e6 8.
O-O Be7 9. c4 Qc7 10. Bf4 Bd6 11. Bxd6 Qxd6 12. cxd5 exd5 13. e4 dxe4 14. Nxe4
Nxe4 15. Qxe4+ Kd8 16. Qf5 Nf6 17. Rfe1 Kc7 18. h3 Rad8 19. a3 Kb8 20. b4 g6
21. Qa5 Nd5 22. Rac1 Nf4 23. Rc3 Ne6 24. Rd1 Qd5 25. Qa4 Qf5 26. Qb3 Rd5 27.
Qc4 Rhd8 28. Re3 Qf4 29. Red3 h5 30. a4 g5 31. b5 g4 32. hxg4 hxg4 33. Nh4 Nxd4
34. Kf1 Ne6 35. Qxf4+ Nxf4 36. Rxd5 Rxd5 37. Rxd5 Nxd5 38. bxc6 bxc6 39. Nf5
Nb6 40. a5 Nc4 41. a6 Kc7 42. Ke2 Kb6 43. Kd3 Ne5+ 44. Kd4 f6 45. Nd6 Kxa6 46.
Kc5 Nd3+ 47. Kxc6 Nxf2 48. Nc4 Nd3 49. Ne3 g3 50. Kd6 Nf4 51. Ke7 Kb5 52. Kxf6
a5 53. Kf5 Nxg2 54. Nxg2 a4 55. Kg4 a3 56. Ne3 a2 0-1

[Event "Northshorechess.com inv"]
[Site "Vancouver CAN"]
[Date "2002.10.26"]
[Round "2"]
[White "Yousefzadeh, Mehrdad"]
[Black "North, Robert"]
[Result "0-1"]
[WhiteElo "2032"]
[BlackElo "2188"]
[PlyCount "84"]
[EventDate "2002.10.25"]
[EventType "tourn"]
[EventRounds "5"]
[EventCountry "CAN"]

1. d4 Nf6 2. c4 g6 3. Nc3 d5 4. Qb3 dxc4 5. Qxc4 Bg7 6. Nf3 O-O 7. e4 Nc6 8.
Be2 Bg4 9. Be3 Bxf3 10. Bxf3 e5 11. d5 Nd4 12. Bd1 c6 13. dxc6 Nxc6 14. O-O Nd4
15. Rc1 a6 16. a3 b5 17. Qa2 Qd7 18. f3 Rfd8 19. b3 h6 20. Rf2 Rac8 21. Qb2 Qe6
22. Rd2 Kh7 23. b4 Ne8 24. Nd5 Rxc1 25. Qxc1 Rc8 26. Qb1 Nd6 27. Ra2 Nc4 28.
Bf2 f5 29. a4 fxe4 30. fxe4 Rf8 31. axb5 axb5 32. Qa1 Qf7 33. Qc3 Nd6 34. Qe1
Rd8 35. Nc3 Qb7 36. h3 Qc6 37. Kh1 Qc4 38. Rb2 Qd3 39. Qd2 Qf1+ 40. Kh2 Nc4 41.
Be2 Qxf2 42. Bxc4 Nf3+ 0-1

[Event "Northshorechess.com inv"]
[Site "Vancouver CAN"]
[Date "2002.10.26"]
[Round "3"]
[White "Meng, Fanhao"]
[Black "Moura, Eduardo"]
[Result "1/2-1/2"]
[WhiteElo "2191"]
[BlackElo "1851"]
[PlyCount "49"]
[EventDate "2002.10.25"]
[EventType "tourn"]
[EventRounds "5"]
[EventCountry "CAN"]

1. e4 c6 2. d4 d5 3. e5 Bf5 4. Nf3 e6 5. Be2 c5 6. c3 Nc6 7. a3 a6 8. b4 c4 9.
Nbd2 b5 10. Nf1 a5 11. Be3 axb4 12. axb4 Be7 13. h3 h5 14. Ng3 Bg6 15. O-O h4
16. Nh1 Nh6 17. Bxh6 Rxh6 18. Qd2 Kd7 19. Ra2 Rxa2 20. Qxa2 Rh8 21. Ra1 Qb6 22.
Kh2 Rb8 23. g3 hxg3+ 24. fxg3 Rb7 25. Nf2 1/2-1/2

[Event "Northshorechess.com inv"]
[Site "Vancouver CAN"]
[Date "2002.10.26"]
[Round "3"]
[White "North, Robert"]
[Black "Sladek, Vaclav"]
[Result "1-0"]
[WhiteElo "2188"]
[BlackElo "2093"]
[PlyCount "65"]
[EventDate "2002.10.25"]
[EventType "tourn"]
[EventRounds "5"]
[EventCountry "CAN"]

1. c4 e5 2. g3 Nc6 3. Bg2 d6 4. Nc3 Be6 5. d3 g6 6. e4 Qd7 7. Nd5 Bg7 8. Ne2
Rc8 9. O-O Bh3 10. f4 Bxg2 11. Kxg2 Nce7 12. Be3 f5 13. Qd2 Nxd5 14. cxd5 Ne7
15. fxe5 dxe5 16. Qb4 O-O 17. Bc5 Rf7 18. Qxb7 Rd8 19. Nc3 f4 20. Rf3 g5 21.
Qxa7 Ng6 22. h3 g4 23. hxg4 Qxg4 24. Rh1 h5 25. Nd1 h4 26. Nf2 Qg5 27. g4 h3+
28. Kf1 c6 29. Qb6 Ra8 30. Qb3 cxd5 31. Qxd5 Rd8 32. Qc4 Rc8 33. b4 1-0

[Event "Northshorechess.com inv"]
[Site "Vancouver CAN"]
[Date "2002.10.26"]
[Round "3"]
[White "Steininger, Gavin"]
[Black "Yousefzadeh, Mehrdad"]
[Result "1/2-1/2"]
[WhiteElo "1760"]
[BlackElo "2032"]
[PlyCount "105"]
[EventDate "2002.10.25"]
[EventType "tourn"]
[EventRounds "5"]
[EventCountry "CAN"]

1. e4 Nf6 2. e5 Nd5 3. d4 d6 4. Nf3 Bf5 5. Bc4 e6 6. Bb3 dxe5 7. Nxe5 c6 8. c4
Nb6 9. O-O N8d7 10. Nd3 Nf6 11. Be3 Be7 12. Nc3 O-O 13. Ne2 Ng4 14. Ng3 Nxe3
15. fxe3 Bxd3 16. Qxd3 g6 17. e4 Bf6 18. Rad1 Bg7 19. c5 Nd7 20. e5 b6 21. cxb6
axb6 22. Ne4 c5 23. Nd6 Qe7 24. dxc5 Nxc5 25. Qc3 Nxb3 26. axb3 Ra5 27. Nc4
Qc5+ 28. Kh1 Bxe5 29. b4 Bxc3 30. bxc5 Rxc5 31. Nxb6 Bxb2 32. Nd7 Rf5 33. Rxf5
gxf5 34. Nxf8 Kxf8 35. Kg1 Kg7 36. Kf2 Kg6 37. Kf3 h5 38. Rd8 e5 39. Rg8+ Kf6
40. Rh8 e4+ 41. Ke2 Kg5 42. Rg8+ Kf6 43. Rh8 Kg6 44. Rg8+ Bg7 45. Ra8 f4 46.
Rg8 f5 47. Ra8 h4 48. h3 Kf6 49. Rg8 Kf7 50. Ra8 Ke6 51. Ra6+ Ke5 52. Ra5+ Kf6
53. Ra6+ 1/2-1/2

[Event "Northshorechess.com inv"]
[Site "Vancouver CAN"]
[Date "2002.10.27"]
[Round "4"]
[White "Moura, Eduardo"]
[Black "North, Robert"]
[Result "1-0"]
[WhiteElo "1851"]
[BlackElo "2188"]
[PlyCount "71"]
[EventDate "2002.10.25"]
[EventType "tourn"]
[EventRounds "5"]
[EventCountry "CAN"]

1. e4 c5 2. Nf3 d6 3. d4 cxd4 4. Qxd4 Nc6 5. Bb5 Bd7 6. Bxc6 Bxc6 7. Nc3 Nf6 8.
Bg5 e6 9. O-O-O Be7 10. Rhe1 Qa5 11. Kb1 Qc5 12. Qxc5 dxc5 13. Ne5 Rc8 14. f3
h6 15. Be3 O-O 16. Nxc6 Rxc6 17. e5 Ne8 18. Rd7 Rc7 19. Rxe7 Rxe7 20. Bxc5 Rd7
21. Rd1 Rxd1+ 22. Nxd1 f5 23. Bxf8 Kxf8 24. c4 g5 25. Nc3 Ke7 26. b4 Ng7 27. g4
fxg4 28. fxg4 h5 29. h3 hxg4 30. hxg4 Nf5 31. gxf5 exf5 32. Kc2 Ke6 33. c5 Kxe5
34. b5 g4 35. Kd3 f4 36. a4 1-0

[Event "Northshorechess.com inv"]
[Site "Vancouver CAN"]
[Date "2002.10.27"]
[Round "4"]
[White "Steininger, Gavin"]
[Black "Meng, Fanhao"]
[Result "0-1"]
[WhiteElo "1760"]
[BlackElo "2191"]
[PlyCount "92"]
[EventDate "2002.10.25"]
[EventType "tourn"]
[EventRounds "5"]
[EventCountry "CAN"]

1. e4 e5 2. Nf3 Nc6 3. Bb5 a6 4. Ba4 Nf6 5. O-O b5 6. Bb3 Be7 7. Re1 O-O 8. c3
d6 9. h3 Na5 10. Bc2 c5 11. b3 Nc6 12. d4 Qc7 13. Bb2 Rd8 14. Nbd2 Ne8 15. Nf1
Nb8 16. Ne3 Be6 17. Rc1 g6 18. Qe2 f6 19. d5 Bc8 20. Nd2 Ng7 21. g4 Rf8 22.
Ndf1 f5 23. gxf5 gxf5 24. exf5 Bg5 25. Qg4 Qe7 26. Ng3 Nd7 27. Kg2 Rf7 28. f6
Rxf6 29. Nef5 Nxf5 30. Nxf5 Qd8 31. f4 Rg6 32. Ne7+ Bxe7 33. Bxg6 Nf6 34. Bxh7+
Kh8 35. Qg6 Nxd5 36. Re4 Bb7 37. Kh2 Nf6 38. Rg1 Qf8 39. Re3 Nxh7 40. Reg3 c4
41. fxe5 Bg5 42. Bc1 Bxc1 43. Rf1 Qh6 44. Rxc1 Qd2+ 45. Rg2 Bxg2 46. Rc2 Qf4+
0-1

[Event "Northshorechess.com inv"]
[Site "Vancouver CAN"]
[Date "2002.10.27"]
[Round "4"]
[White "Yousefzadeh, Mehrdad"]
[Black "Sladek, Vaclav"]
[Result "0-1"]
[WhiteElo "2032"]
[BlackElo "2093"]
[PlyCount "74"]
[EventDate "2002.10.25"]
[EventType "tourn"]
[EventRounds "5"]
[EventCountry "CAN"]

1. d4 Nf6 2. c4 e6 3. Nc3 Bb4 4. e3 O-O 5. Bd3 d5 6. Nf3 c5 7. O-O Nc6 8. a3
Bxc3 9. bxc3 dxc4 10. Bxc4 Qc7 11. Ba2 e5 12. h3 h6 13. a4 Rd8 14. Qc2 b6 15.
Ba3 e4 16. Nh2 Ba6 17. Rfd1 Bd3 18. Rxd3 exd3 19. Qxd3 Rac8 20. Rc1 Qd7 21. Qg6
Na5 22. e4 c4 23. Qf5 Qxf5 24. exf5 Nd5 25. Ng4 Re8 26. Kf1 h5 27. Ne5 Nf4 28.
Re1 f6 29. Nf3 Rxe1+ 30. Nxe1 Nd5 31. Bb2 Re8 32. g3 h4 33. Ng2 hxg3 34. fxg3
Ne3+ 35. Nxe3 Rxe3 36. Kf2 Rd3 37. Ke1 Rxg3 0-1

[Event "Northshorechess.com inv"]
[Site "Vancouver CAN"]
[Date "2002.10.27"]
[Round "5"]
[White "Sladek, Vaclav"]
[Black "Moura, Eduardo"]
[Result "1/2-1/2"]
[WhiteElo "2093"]
[BlackElo "1851"]
[PlyCount "30"]
[EventDate "2002.10.25"]
[EventType "tourn"]
[EventRounds "5"]
[EventCountry "CAN"]

1. d4 f5 2. Bg5 g6 3. e3 Nh6 4. c4 Nf7 5. Bf4 Bg7 6. Nf3 d6 7. Nc3 c6 8. h4 h6
9. Be2 e5 10. dxe5 dxe5 11. Qxd8+ Kxd8 12. O-O-O+ Ke7 13. Bg3 a5 14. Nd2 Be6
15. f3 Nd7 1/2-1/2

[Event "Northshorechess.com inv"]
[Site "Vancouver CAN"]
[Date "2002.10.27"]
[Round "5"]
[White "Yousefzadeh, Mehrdad"]
[Black "Meng, Fanhao"]
[Result "1/2-1/2"]
[WhiteElo "2032"]
[BlackElo "2191"]
[PlyCount "124"]
[EventDate "2002.10.25"]
[EventType "tourn"]
[EventRounds "5"]
[EventCountry "CAN"]
[Source "CFC"]
[SourceDate "2002.12.??"]

1. e4 Nf6 2. Nc3 d5 3. exd5 Nxd5 4. Nxd5 Qxd5 5. d4 Nc6 6. Nf3 Bg4 7. Be2 O-O-O
8. Be3 e5 9. c3 exd4 10. cxd4 Bb4+ 11. Kf1 Rhe8 12. h3 Bh5 13. Kg1 f5 14. g3
Nxd4 15. Nxd4 Bxe2 16. Qa4 Bc5 17. Nxe2 Bxe3 18. fxe3 Qf3 19. Rh2 Qxe3+ 20. Rf2
Rd2 21. Re1 Rxb2 22. Rd1 b5 23. Qa6+ Kb8 24. Kf1 f4 25. gxf4 Qxh3+ 26. Kg1 Qg4+
27. Kf1 Qh5 28. f5 Qh1+ 29. Ng1 Rxf2+ 30. Kxf2 Qh4+ 31. Kf1 Qc4+ 32. Kg2 Qc2+
33. Kh1 Qe4+ 34. Kh2 Qf4+ 35. Kg2 Qxf5 36. Qc6 Qe4+ 37. Qxe4 Rxe4 38. Rd5 a6
39. Kf3 Ra4 40. Rd2 Kb7 41. Ne2 Kb6 42. Nc1 Ra3+ 43. Kf2 a5 44. Nb3 a4 45. Nd4
c5 46. Ne6 Rh3 47. Kg2 Rh6 48. Nf4 b4 49. Kf3 Kb5 50. Ke4 b3 51. Nd5 Rh4+ 52.
Ke3 c4 53. a3 Rh3+ 54. Kd4 Rd3+ 55. Rxd3 cxd3 56. Nc3+ Ka5 57. Kxd3 h5 58. Nd1
g5 59. Ke4 h4 60. Kf3 Kb6 61. Nb2 Kb5 62. Kg4 Ka5 1/2-1/2

[Event "October TNT"]
[Site "Winnipeg CAN"]
[Date "2002.10.01"]
[Round "1"]
[White "Czarny, Keith"]
[Black "Anderson, Collin"]
[Result "1-0"]
[WhiteElo "1729"]
[BlackElo "1578"]
[PlyCount "118"]
[EventDate "2002.10.01"]
[EventType "swiss"]
[EventRounds "4"]
[EventCountry "CAN"]
[Source "ChessBase"]
[SourceDate "2003.11.25"]

1. Nf3 c5 2. c4 g6 3. g3 Nc6 4. Bg2 Bg7 5. O-O Nf6 6. Nc3 O-O 7. d3 a6 8. a3 d6
9. Bd2 Rb8 10. a4 e6 11. Qc1 Na5 12. Rb1 Nb3 13. Qc2 Nxd2 14. Nxd2 Bd7 15. b4
cxb4 16. Rxb4 Bc6 17. Rfb1 Bxg2 18. Kxg2 Qc7 19. Qb3 Nd7 20. Kg1 Nc5 21. Qc2
Rfc8 22. Nce4 Nd7 23. Qa2 h6 24. Nf3 b6 25. Qa3 Bf8 26. Qa2 d5 27. cxd5 exd5
28. Qxd5 Bxb4 29. Rxb4 Re8 30. Qxd7 Qxd7 31. Nf6+ Kg7 32. Nxd7 Rbd8 33. Nxb6
Rxe2 34. d4 Ra2 35. d5 Kf8 36. Rd4 Rb2 37. Nc4 Rb4 38. a5 Rc8 39. Nb6 Rc1+ 40.
Kg2 Rxd4 41. Nxd4 Ke7 42. Nc6+ Kd6 43. Nb4 Ra1 44. Nxa6 f5 45. Nb4 Kc5 46. Nd3+
Kb5 47. Ne5 Rxa5 48. Nbc4 Ra8 49. d6 Kc5 50. d7 Rd8 51. Na5 Kd5 52. Nb7 Kxe5
53. Nxd8 Kd6 54. Nf7+ Kxd7 55. Nxh6 Ke6 56. f4 Kf6 57. g4 fxg4 58. Nxg4+ Kf5
59. Kf3 g5 1-0

[Event "October TNT"]
[Site "Winnipeg CAN"]
[Date "2002.10.01"]
[Round "1"]
[White "Czypinski, Jaroslaw"]
[Black "Kohalmi, Andy"]
[Result "1-0"]
[WhiteElo "1913"]
[BlackElo "1575"]
[PlyCount "55"]
[EventDate "2002.10.01"]
[EventType "swiss"]
[EventRounds "4"]
[EventCountry "CAN"]
[Source "ChessBase"]
[SourceDate "2003.11.25"]

1. e4 c5 2. d4 cxd4 3. c3 dxc3 4. Nxc3 Nc6 5. Nf3 d6 6. Bc4 e6 7. O-O a6 8. Bg5
Be7 9. Bxe7 Ngxe7 10. Rc1 O-O 11. Qe2 Qc7 12. Rfd1 b5 13. Bb3 Bb7 14. Ng5 h6
15. Nh3 Rad8 16. Nf4 e5 17. Nfd5 Qd7 18. Nb6 Qe8 19. Ncd5 Nd4 20. Rxd4 Bxd5 21.
Rxd5 Nxd5 22. Nxd5 Rd7 23. Qg4 Qd8 24. Nf6+ Qxf6 25. Qxd7 Rd8 26. Rc8 Rxc8 27.
Qxc8+ Kh7 28. Qf5+ 1-0

[Event "October TNT"]
[Site "Winnipeg CAN"]
[Date "2002.10.01"]
[Round "1"]
[White "Greenberg, Harley"]
[Black "Remillard, John"]
[Result "1-0"]
[WhiteElo "1781"]
[BlackElo "1544"]
[PlyCount "101"]
[EventDate "2002.10.01"]
[EventType "swiss"]
[EventRounds "4"]
[EventCountry "CAN"]
[Source "ChessBase"]
[SourceDate "2003.11.25"]

1. d4 d5 2. c4 dxc4 3. Nc3 g6 4. Nf3 Bg7 5. e3 Nf6 6. Bxc4 O-O 7. O-O b6 8. Rb1
Ba6 9. Bxa6 Nxa6 10. Qa4 Qc8 11. Bd2 c5 12. a3 cxd4 13. exd4 Qb7 14. Rfe1 Nc7
15. Rxe7 Rfe8 16. Rbe1 Rxe7 17. Rxe7 Re8 18. Rxe8+ Ncxe8 19. Ne5 Nd6 20. Qc6
Qe7 21. Kf1 Nfe8 22. Nd5 Qh4 23. Nf3 Qe4 24. Nb4 Qg4 25. Qb5 Qe4 26. Qe2 f5 27.
Qxe4 Nxe4 28. Bc3 Nxc3 29. bxc3 Nd6 30. a4 b5 31. axb5 Nxb5 32. Na2 Kf7 33. Ke2
Nd6 34. Nd2 Ke7 35. Kd3 Bh6 36. f3 Ke6 37. Nb3 Nb7 38. Kc4 Bf4 39. g3 Bc7 40.
Kb5 Nd6+ 41. Kc6 Bb6 42. Nc5+ Ke7 43. Nb4 Bxc5 44. dxc5 Nc4 45. Kb5 Nd2 46.
Nd5+ Kd8 47. Ka6 Nxf3 48. Kxa7 Kc8 49. Kb6 Nxh2 50. c6 Ng4 51. Ne7+ 1-0

[Event "October TNT"]
[Site "Winnipeg CAN"]
[Date "2002.10.01"]
[Round "1"]
[White "Hogeveen Rutter, Alexander"]
[Black "Prince, Colin"]
[Result "0-1"]
[WhiteElo "1443"]
[BlackElo "1725"]
[PlyCount "58"]
[EventDate "2002.10.01"]
[EventType "swiss"]
[EventRounds "4"]
[EventCountry "CAN"]
[Source "ChessBase"]
[SourceDate "2003.11.25"]

1. e4 e5 2. Nf3 Nc6 3. Nc3 Bc5 4. Bb5 d6 5. O-O Nge7 6. d3 O-O 7. Bg5 h6 8. Bh4
g5 9. Nxg5 Ng6 10. Ne6 Qxh4 11. Nxf8 Kxf8 12. Kh1 Bxf2 13. Qf3 Nd4 14. Qxf2 Be6
15. Qxh4 Nxh4 16. Rf6 Nxc2 17. Rc1 Kg7 18. Rxe6 fxe6 19. Rxc2 Rf8 20. Kg1 Ng6
21. Rf2 Nf4 22. g3 Nh3+ 23. Kg2 Nxf2 24. Bc4 a6 25. b3 b5 26. Bxe6 Nxd3 27. Bf5
c6 28. Kf3 b4 29. Nb1 Nc1 0-1

[Event "October TNT"]
[Site "Winnipeg CAN"]
[Date "2002.10.01"]
[Round "1"]
[White "Proulx, Roy"]
[Black "Kwiatek, Jordan"]
[Result "1-0"]
[WhiteElo "1733"]
[BlackElo "1503"]
[PlyCount "33"]
[EventDate "2002.10.01"]
[EventType "swiss"]
[EventRounds "4"]
[EventCountry "CAN"]

1. e4 e6 2. d4 d5 3. Nd2 Nf6 4. e5 Nfd7 5. Bd3 c5 6. c3 Nc6 7. Ne2 cxd4 8. cxd4
f6 9. Nf4 Nxd4 10. Qh5+ Ke7 11. Ng6+ hxg6 12. exf6+ gxf6 13. Qxh8 Kf7 14. Qh7+
Bg7 15. Bxg6+ Kf8 16. b3 Ne5 17. Ba3+ 1-0

[Event "October TNT"]
[Site "Winnipeg CAN"]
[Date "2002.10.08"]
[Round "2"]
[White "Kohalmi, Andy"]
[Black "Rutter, Blair"]
[Result "0-1"]
[WhiteElo "1575"]
[BlackElo "1619"]
[PlyCount "88"]
[EventDate "2002.10.01"]
[EventType "swiss"]
[EventRounds "4"]
[EventCountry "CAN"]

1. d4 d5 2. c4 c6 3. e3 Nf6 4. Nc3 Bf5 5. Nf3 e6 6. Be2 Nbd7 7. O-O Rc8 8. Nh4
Bg6 9. Nxg6 hxg6 10. Bd2 Bd6 11. g3 Nh5 12. c5 Bc7 13. e4 dxe4 14. Nxe4 Nhf6
15. Bg5 Kf8 16. Rc1 Qe8 17. Nxf6 gxf6 18. Be3 Rd8 19. Qb3 Rb8 20. Qa4 a6 21. f4
f5 22. Bf3 Nf6 23. Qc2 Qd7 24. Rcd1 Rd8 25. a3 Qc8 26. b4 Ke7 27. h4 Rdg8 28.
Qg2 Rh7 29. a4 Qd7 30. Rd2 Rd8 31. Rb1 Rhh8 32. b5 axb5 33. axb5 cxb5 34. Bxb7
Rb8 35. Bc6 Qd8 36. Bxb5 Ne4 37. Rd3 Qd5 38. Kh2 g5 39. Kh3 Rbg8 40. fxg5 Bxg3
41. Qf3 Rxh4+ 42. Kg2 Qa2+ 43. Bd2 Rh2+ 44. Kg1 Qxb1+ 0-1

[Event "October TNT"]
[Site "Winnipeg CAN"]
[Date "2002.10.08"]
[Round "2"]
[White "Milord, Frank"]
[Black "Greenberg, Harley"]
[Result "0-1"]
[WhiteElo "1635"]
[BlackElo "1781"]
[PlyCount "56"]
[EventDate "2002.10.01"]
[EventType "swiss"]
[EventRounds "4"]
[EventCountry "CAN"]
[Source "ChessBase"]
[SourceDate "2003.11.25"]

1. d4 Nf6 2. c4 e6 3. g3 c5 4. d5 exd5 5. cxd5 d6 6. Nc3 g6 7. Nf3 Bg7 8. Bg2
O-O 9. O-O Na6 10. e4 Re8 11. Re1 Nc7 12. a4 Rb8 13. a5 b5 14. axb6 axb6 15.
Nd2 b5 16. Qc2 Ng4 17. Nf3 b4 18. Nd1 Nb5 19. Be3 f5 20. Nd2 fxe4 21. Bxe4 Nd4
22. Bxd4 Bxd4 23. Ne3 Qf6 24. Nxg4 Bxg4 25. Nc4 b3 26. Qd3 Qxf2+ 27. Kh1 Rxe4
28. Qxe4 Bf3+ 0-1

[Event "October TNT"]
[Site "Winnipeg CAN"]
[Date "2002.10.08"]
[Round "2"]
[White "Prince, Colin"]
[Black "Czypinski, Jaroslaw"]
[Result "0-1"]
[WhiteElo "1725"]
[BlackElo "1913"]
[PlyCount "120"]
[EventDate "2002.10.01"]
[EventType "swiss"]
[EventRounds "4"]
[EventCountry "CAN"]

1. e4 d5 2. exd5 Qxd5 3. Nc3 Qd8 4. d4 g6 5. Nf3 Nh6 6. Bc4 Bg7 7. Ne5 Bxe5 8.
dxe5 Qxd1+ 9. Nxd1 Nf5 10. Ne3 Nxe3 11. Bxe3 Nc6 12. f4 Na5 13. Be2 Be6 14. b3
O-O 15. h4 h5 16. g4 Bxg4 17. Bxg4 hxg4 18. h5 f5 19. exf6 exf6 20. hxg6 Rae8
21. Kf2 Nc6 22. Rag1 f5 23. Rh7 Re7 24. Rgh1 Rxh7 25. Rxh7 Re8 26. Rf7 g3+ 27.
Kf3 g2 28. Bg1 Ne7 29. Bd4 g1=Q 30. Bxg1 Nxg6 31. Rxc7 Re4 32. Be3 Nh4+ 33. Kg3
Ng6 34. Bc1 Re7 35. Rxe7 Nxe7 36. Kh4 Kf7 37. Kg5 Ke6 38. Ba3 Nd5 39. Bf8 a6
40. c4 Nc3 41. a3 Ne4+ 42. Kg6 Nd2 43. Bb4 Nxb3 44. Kg5 a5 45. Bc3 a4 46. Bb4
Nc1 47. Bf8 Nd3 48. Bg7 Nf2 49. Be5 Ne4+ 50. Kg6 Nd2 51. Bc3 Nxc4 52. Bb4 Ne3
53. Bc5 Ng2 54. Kg5 Kd5 55. Be7 Ke4 56. Bd6 Ne3 57. Kf6 Nc4 58. Bc7 Nxa3 59.
Ke6 Nc4 60. Be5 Nxe5 0-1

[Event "October TNT"]
[Site "Winnipeg CAN"]
[Date "2002.10.08"]
[Round "2"]
[White "Remillard, John"]
[Black "Hogeveen Rutter, Alexander"]
[Result "0-1"]
[WhiteElo "1544"]
[BlackElo "1443"]
[PlyCount "100"]
[EventDate "2002.10.01"]
[EventType "swiss"]
[EventRounds "4"]
[EventCountry "CAN"]
[Source "ChessBase"]
[SourceDate "2003.11.25"]

1. e4 c5 2. Nf3 d6 3. d4 cxd4 4. Nxd4 Nc6 5. Bb5 Bd7 6. O-O Nf6 7. Nc3 g6 8.
Re1 Bg7 9. Nxc6 bxc6 10. Bc4 O-O 11. e5 dxe5 12. Bg5 Ne8 13. Ne4 Rb8 14. Nc5
Nd6 15. Bb3 Bf5 16. Qe2 Qb6 17. Bxe7 Qxc5 18. Rad1 Rfd8 19. Qd2 Bf8 20. Qg5
Bxe7 21. Qxe7 Rd7 22. Bxf7+ Kg7 23. Qxe5+ Qxe5 24. Rxe5 Kxf7 25. Rc5 Be4 26. f3
Bd5 27. b3 Rbd8 28. Kf2 Nb7 29. Rc3 Re7 30. Rcd3 Rde8 31. R1d2 Be6 32. Rd4 h5
33. Ra4 a5 34. Rf4+ Kg7 35. a4 c5 36. c4 Bc8 37. h3 g5 38. Re4 Rxe4 39. fxe4
Rxe4 40. Kf3 Rd4 41. Rxd4 cxd4 42. Ke4 Nc5+ 43. Kxd4 Nxb3+ 44. Kd5 Bb7+ 45. Kd6
Bxg2 46. c5 Bxh3 47. c6 g4 48. Kd7 g3+ 49. Kd8 g2 50. c7 g1=Q 0-1

[Event "October TNT"]
[Site "Winnipeg CAN"]
[Date "2002.10.08"]
[Round "2"]
[White "Van Wyk, Joseph"]
[Black "Czarny, Keith"]
[Result "1-0"]
[WhiteElo "1833"]
[BlackElo "1729"]
[PlyCount "81"]
[EventDate "2002.10.01"]
[EventType "swiss"]
[EventRounds "4"]
[EventCountry "CAN"]

1. e4 e6 2. d4 d5 3. Nc3 Bb4 4. a3 Bxc3+ 5. bxc3 dxe4 6. Qg4 Nf6 7. Qxg7 Rg8 8.
Qh6 Rg6 9. Qh4 Qd5 10. Ne2 Qf5 11. Ng3 Qg4 12. Qxg4 Rxg4 13. Be2 Rg8 14. Rb1 b6
15. Bb5+ c6 16. Ba4 Nd5 17. Nxe4 Rxg2 18. c4 Nc7 19. Nd6+ Kd7 20. Nxf7 b5 21.
cxb5 cxb5 22. Bxb5+ Nxb5 23. Rxb5 Ba6 24. Ra5 Bb7 25. Ne5+ Ke8 26. Rb5 Be4 27.
c4 Nd7 28. f3 Nxe5 29. fxe4 Nxc4 30. Rh5 Rg7 31. Ke2 Rc8 32. Rf1 Nd6 33. Kd3 a6
34. Ra5 Nb5 35. Bd2 Rd7 36. Bb4 Kd8 37. Rxa6 Rxd4+ 38. Ke3 e5 39. Rf8+ Kc7 40.
Rf7+ Rd7 41. Ba5+ 1-0

[Event "October TNT"]
[Site "Winnipeg CAN"]
[Date "2002.10.15"]
[Round "3"]
[White "Czarny, Keith"]
[Black "Wasney, Mark"]
[Result "0-1"]
[WhiteElo "1729"]
[BlackElo "1707"]
[PlyCount "142"]
[EventDate "2002.10.01"]
[EventType "swiss"]
[EventRounds "4"]
[EventCountry "CAN"]
[Source "ChessBase"]
[SourceDate "2003.11.25"]

1. Nf3 Nf6 2. c4 g6 3. Nc3 Bg7 4. g3 O-O 5. Bg2 e6 6. O-O d5 7. cxd5 exd5 8. d4
c6 9. Re1 Re8 10. Nd2 Na6 11. Nb3 Bf5 12. Bg5 Nc7 13. e4 dxe4 14. Nxe4 Ncd5 15.
Nbc5 Qc7 16. Nxf6+ Nxf6 17. Qb3 Qa5 18. Rxe8+ Rxe8 19. Be3 b6 20. Nb7 Qa6 21.
Nd6 Be6 22. d5 cxd5 23. Nxe8 d4 24. Nxf6+ Bxf6 25. Qd1 dxe3 26. fxe3 Bxb2 27.
Qd8+ Kg7 28. Rd1 Bf6 29. Qd2 Bg4 30. Rf1 Be6 31. Qf2 Be7 32. Qb2+ Kg8 33. Be4
Qa4 34. Qc2 Qa3 35. Qd2 Bc5 36. Re1 a5 37. Kf2 Qxa2 38. Qxa2 Bxa2 39. Bc6 Bb3
40. Rb1 a4 41. Bb5 a3 42. Ke2 Bd5 43. Kd3 f5 44. Bc4 Bxc4+ 45. Kxc4 Bxe3 46.
Kb3 Bc5 47. Rf1 Kg7 48. h3 Kh6 49. Rf3 Kg5 50. Ka2 h5 51. Rd3 h4 52. Rf3 hxg3
53. Rxg3+ Kh4 54. Rf3 Kg5 55. Rg3+ Kf6 56. h4 f4 57. Rg4 Kf5 58. Rg5+ Kf6 59.
Rd5 f3 60. h5 gxh5 61. Rxh5 f2 62. Rh1 Ke5 63. Rf1 Kf4 64. Rxf2+ Bxf2 65. Kxa3
Ke4 66. Kb3 Kd3 67. Kb2 b5 68. Kb1 Kc3 69. Kc1 b4 70. Kb1 Kb3 71. Ka1 Kc2 0-1

[Event "October TNT"]
[Site "Winnipeg CAN"]
[Date "2002.10.15"]
[Round "3"]
[White "Czypinski, Jaroslaw"]
[Black "Greenberg, Harley"]
[Result "1-0"]
[WhiteElo "1913"]
[BlackElo "1781"]
[PlyCount "60"]
[EventDate "2002.10.01"]
[EventType "swiss"]
[EventRounds "4"]
[EventCountry "CAN"]
[Source "ChessBase"]
[SourceDate "2003.11.25"]

1. d4 Nf6 2. Nf3 e6 3. e3 d5 4. Bd3 c5 5. c3 Bd6 6. Nbd2 O-O 7. O-O Nc6 8. dxc5
Bxc5 9. e4 Qc7 10. Re1 Ng4 11. Rf1 Rd8 12. Qe2 d4 13. h3 dxc3 14. Nb3 Nd4 15.
Nbxd4 Bxd4 16. bxc3 Qxc3 17. hxg4 Qxa1 18. Bg5 Qxf1+ 19. Kxf1 f6 20. Bh4 Bd7
21. Nxd4 Rac8 22. Qb2 e5 23. Qb3+ Kh8 24. Nf5 Be8 25. g5 a6 26. gxf6 g6 27. Ne7
Bb5 28. Bxb5 Rc1+ 29. Ke2 axb5 30. Bg5 Rcd1 1-0

[Event "October TNT"]
[Site "Winnipeg CAN"]
[Date "2002.10.15"]
[Round "3"]
[White "Hogeveen Rutter, Alexander"]
[Black "Milord, Frank"]
[Result "1-0"]
[WhiteElo "1443"]
[BlackElo "1635"]
[PlyCount "41"]
[EventDate "2002.10.01"]
[EventType "swiss"]
[EventRounds "4"]
[EventCountry "CAN"]
[Source "ChessBase"]
[SourceDate "2003.11.25"]

1. e4 c5 2. Nf3 Nc6 3. Nc3 g6 4. Bb5 Bg7 5. O-O a6 6. Bxc6 bxc6 7. d3 d6 8. Re1
e5 9. h3 Nf6 10. Bg5 O-O 11. Qd2 Rb8 12. b3 Qa5 13. Re3 Be6 14. Nh2 d5 15. Rf3
Rb7 16. Bxf6 Bxf6 17. Rxf6 d4 18. Nb1 Qd8 19. Rf3 f5 20. exf5 Bxf5 21. Qe2 1-0